| 000 | 01599nam a2200253Ia 4500 | ||
|---|---|---|---|
| 999 |
_c45456 _d45456 |
||
| 001 | 12281 | ||
| 003 | GE_BSU | ||
| 005 | 20240704115332.0 | ||
| 008 | 181216s2014||||geo|||||||||||||| ||ge || | ||
| 040 | _cGE_BSU | ||
| 041 | _ageo | ||
| 080 | _a51(479.223)(092) მ-442 | ||
| 100 |
_aმახარაძე, შოთა _92482 |
||
| 245 |
_aბათუმის უნივერსიტეტის მათემატიკოსები (1935-2012) : _b(1935-2012)(მათი ღვაწლი და ხსოვნა დაუვიწყარია) / _cშოთა მახარაძე, ონისე სურმანიძე ; რედ. რევაზ უზუნაძე. |
||
| 264 |
_aბათუმი : _bბათუმის შოთა რუსთაველის სახ.უნ-ტი, _c2014. |
||
| 300 |
_a189 გვ. : _bილ. ; _c20 სმ. |
||
| 504 | _aბიბლიოგრ. სტატიების ბოლოს | ||
| 653 | _aბათუმის უნივერსიტეტის მათემატიკოსები : (1935-2012)(მათი ღვაწლი და ხსოვნა დაუვიწყარია.) | ||
| 653 | _aქართველი მათემატიკოსები | ||
| 653 | _aუნივერსიტეტები საქართველოში | ||
| 700 |
_aსურმანიძე, ო. (ონისე) _eავტორი _922704 |
||
| 700 |
_aუზუნაძე, რ. (რევაზ) _eრედაქტორი _922705 |
||
| 942 |
_cBK _2udc |
||